| 000 | 00738cam a22002292 4500 | ||
|---|---|---|---|
| 001 | 0000020813 | ||
| 005 | 20151217152222.0 | ||
| 008 | 111018s xx 000 0 eng d | ||
| 020 | _a0931092531 : | ||
| 040 |
_aKABU _cKABU |
||
| 245 | 1 | 4 |
_aThe Pain system in normal and pathological states : _ba primer for clinicians / _cLuis Villanueva, Anthony H. Dickenson, Helene, Ollat (eds.) |
| 250 | _a1st ed. | ||
| 260 |
_aSeattle : _bIASP, _c2004. |
||
| 300 | _axvii, 347 p. | ||
| 650 | 0 |
_aPain _xCongresses. _@0000181405 |
|
| 700 | 1 |
_aVillanueva, Luis. _@0000181406 |
|
| 700 | 1 |
_aDickenson, A. H. _@0000181407 |
|
| 700 | 1 |
_aOllat, H. _@0000181408 |
|
| 908 | _a111018 | ||
| 950 | _@1 | ||
| 999 |
_c9516 _d9516 |
||